000 00591nam a2200241Ia 4500
003 OSt
005 20220912150837.0
006 a|||||r|||| 00| 0
007 ta
008 220909b |||||||| |||| 00| 0 eng d
024 _a52265
037 _cTextual
040 _aCSL
_beng
_cCSL
041 _aeng
082 _aG:6P, L7
100 _aSpiess Eliot B
245 0 _aGenes in populations
260 _aNew York
_b John Wiley
_c1977
300 _axi,780p.
_ccm.
650 _aBiology
942 _hG:6P, L7
_cTEXL
_2CC
999 _c56051
_d56051